[Event "Mogliano Veneto op-C 31st"]
[Site "Mogliano Veneto"]
[Date "2010.05.02"]
[Round "4"]
[White "Rossi, Aldo V"]
[Black "Licandro, Michele"]
[Result "0-1"]
[WhiteElo "1398"]
[BlackElo "1517"]
[PlyCount "130"]
[EventDate "2010.04.30"]
[EventType "swiss"]
[EventRounds "5"]
[EventCountry "ITA"]
[SourceTitle "EXT 2023"]
[Source "ChessBase"]
[SourceDate "2022.10.05"]
[SourceVersion "1"]
[SourceVersionDate "2022.10.05"]
[SourceQuality "1"]

1. c4 e5 2. Nc3 Nf6 3. Nf3 d6 4. e3 Be6 5. Be2 Be7 6. 0-0 0-0 7. d4 e4 8. Nd2 Bf5 9. f3 exf3 10. Nxf3 Ne4 11. Nxe4 Bxe4 12. Bd3 f5 13. Qe2 c6 14. b3 d5 15. Bb2 Nd7 16. c5 Qc7 17. Bxe4 dxe4 18. Nd2 Rae8 19. Kh1 b5 20. b4 Bg5 21. g3 Qc8 22. Rf2 Nf6 23. Nf1 Nd5 24. a3 Qe6 25. h4 Qh6 26. Rh2 Bxe3 27. Nxe3 Qxe3 28. Qxe3 Nxe3 29. a4 bxa4 30. Rxa4 Nf1 31. Rg2 Rf7 32. Ra1 Ne3 33. Re2 Nd5 34. Ba3 f4 35. gxf4 Rxf4 36. Rh2 Re7 37. Rg1 e3 38. Re1 Rf2 39. Bc1 Rxh2+ 40. Kxh2 Re4 41. Kg3 e2 42. Bd2 h5 43. Kf3 Rxh4 44. Rxe2 Rxd4 45. Be1 Nxb4 46. Re8+ Kh7 47. Re6 a5 48. Bxb4 axb4 49. Rxc6 Rc4 50. Rb6 Rc3+ 51. Kg2 b3 52. c6 Rc2+ 53. Kg3 b2 54. Kh4 Kh6 55. c7+ g6 56. Rxb2 Rxc7 57. Rb6 Rc4+ 58. Kh3 h4 59. Rb1 Kh5 60. Rg1 g5 61. Kh2 g4 62. Rg2 h3 63. Rg1 Kh4 64. Re1 g3+ 65. Kh1 Rf4 0-1

[Event "Venice Province-ch 70th"]
[Site "Venice Mestre"]
[Date "2010.01.31"]
[Round "5"]
[White "Viviani, Bruno"]
[Black "Rossi, Aldo V"]
[Result "1-0"]
[WhiteElo "1621"]
[BlackElo "1458"]
[PlyCount "110"]
[EventDate "2010.01.29"]
[EventType "swiss"]
[EventRounds "5"]
[EventCountry "ITA"]
[SourceTitle "EXT 2022"]
[Source "ChessBase"]
[SourceDate "2021.10.06"]
[SourceVersion "1"]
[SourceVersionDate "2021.10.06"]
[SourceQuality "1"]

1. d4 Nf6 2. Nc3 g6 3. e4 Bg7 4. e5 Ng8 5. Nf3 b6 6. Bc4 d6 7. Ng5 e6 8. Qf3 Qd7 9. Qxa8 Nc6 10. Bb5 Nge7 11. Be3 0-0 12. Qxa7 Nxa7 13. Bxd7 Bxd7 14. exd6 cxd6 15. Nce4 Nb5 16. c3 d5 17. Nd2 h6 18. Ngf3 Nd6 19. Bf4 Ndc8 20. 0-0 g5 21. Be5 f6 22. Bg3 Ng6 23. h4 g4 24. h5 Nge7 25. Nh2 e5 26. dxe5 fxe5 27. f3 Nf5 28. Bf2 g3 29. Bxg3 Nxg3 30. Rfe1 Nxh5 31. Nhf1 Nf4 32. b3 h5 33. g3 Nh3+ 34. Kg2 Nd6 35. Ne3 d4 36. cxd4 exd4 37. Nd5 Ng5 38. Rac1 Nf5 39. f4 Nf7 40. Nxb6 Ne3+ 41. Kf3 Ne5+ 42. Kf2 Nd3+ 43. Kg1 Nxe1 44. Nxd7 Nd3 45. Rc7 Re8 46. Nc5 Nxc5 47. Rxc5 Nf5 48. Rxf5 d3 49. Rd5 Re1+ 50. Nf1 Rd1 51. Kf2 Bc3 52. a4 Bb4 53. a5 d2 54. a6 Bc5+ 55. Ke2 Bb6 1-0

[Event "Venice Province-ch 70th"]
[Site "Venice Mestre"]
[Date "2010.01.29"]
[Round "1"]
[White "Bozzao, Francesco"]
[Black "Rossi, Aldo V"]
[Result "1-0"]
[WhiteElo "1909"]
[BlackElo "1458"]
[PlyCount "93"]
[EventDate "2010.01.29"]
[EventType "swiss"]
[EventRounds "5"]
[EventCountry "ITA"]
[SourceTitle "EXT 2022"]
[Source "ChessBase"]
[SourceDate "2021.10.06"]
[SourceVersion "1"]
[SourceVersionDate "2021.10.06"]
[SourceQuality "1"]

1. e4 c5 2. Nf3 d6 3. d4 cxd4 4. Nxd4 Nf6 5. Nc3 a6 6. Bg5 e6 7. f4 Nbd7 8. Qf3 Qc7 9. 0-0-0 b5 10. Bd3 Bb7 11. Rhe1 Be7 12. Qg3 0-0-0 13. Bxb5 Nh5 14. Bxd7+ Qxd7 15. Qg4 Bxg5 16. Qxg5 g6 17. f5 h6 18. Qh4 Ng7 19. fxg6 fxg6 20. Qf6 Nh5 21. Qxe6 Nf4 22. Qxd7+ Rxd7 23. g3 Nh5 24. Nd5 Kb8 25. b3 Rf8 26. Rd2 Ng7 27. c4 Rdf7 28. Ree2 Ka7 29. Kb2 Rc8 30. Rf2 Rcf8 31. Rxf7 Rxf7 32. Re2 Kb8 33. Nf4 Rf6 34. e5 dxe5 35. Rxe5 Rd6 36. Kc3 g5 37. Nfe6 Nxe6 38. Rxe6 Rxe6 39. Nxe6 Bc8 40. Nc5 Kc7 41. b4 Kc6 42. Kd4 Kd6 43. a4 h5 44. b5 axb5 45. axb5 h4 46. Ne4+ Ke6 47. Nxg5+ 1-0